Abriendo espacios de reflexión sobre las Juntas Directivas de las ONG: preguntas y respuestas. Módulo 1 /
Uloženo v:
| Hlavní autor: | |
|---|---|
| Korporativní autor: | |
| Další autoři: | |
| Médium: | Text |
| Vydáno: |
San José:
Fundación Acceso
|
| Témata: | |
| Tagy: |
Přidat tag
Žádné tagy, Buďte první, kdo vytvoří štítek k tomuto záznamu!
|
MARC
| LEADER | 00000 a a2200000 04500 | ||
|---|---|---|---|
| 001 | 28529 | ||
| 003 | |||
| 040 | |||
| 020 | |a 9968-862-05-3 | ||
| 090 | |a 188901 | ||
| 100 | |a Moffat, Bruce | ||
| 110 | |a Fundación Acceso | ||
| 245 | |a Abriendo espacios de reflexión sobre las Juntas Directivas de las ONG: preguntas y respuestas. Módulo 1 / |c Bruce Moffat | ||
| 260 | |a San José: |b Fundación Acceso | ||
| 300 | |a 24 p | ||
| 650 | |a ORGANIZACIONES NO GUBERNAMENTALES | ||
| 650 | |a CENTRO AMERICA | ||
| 650 | |a JUSTA DIRECTIVA | ||
| 650 | |a CAPACITACION | ||
| 700 | |a Rojas, Catherine M. |a Coord | ||
| 999 | |c 10680 |d 10680 | ||



